| 000 | 00689nam a2200241 a 4500 | ||
|---|---|---|---|
| 999 |
_c4317 _d4317 |
||
| 001 | 4317 | ||
| 003 | BD-JhCC | ||
| 005 | 20171126120253.0 | ||
| 008 | 171126s2005 bg a|||| ||a| 000 0 ben d | ||
| 020 | _a9844460948 | ||
| 035 | _a(BD-JhCC)4317 | ||
| 040 |
_aBD-JhCC _dBD-JhCC |
||
| 041 | _aben | ||
| 082 |
_a616.025 _bRAH 2005 |
||
| 100 | _aরহমান, এম শহীদুর | ||
| 245 |
_aবার্ধক্যে অসুখবিসুখ / _cএম শহীদুর রহমান |
||
| 260 |
_aঢাকা : _bপ্রতীক, _c2005. |
||
| 300 |
_a103 p. : _c21 cm. _billu; |
||
| 650 | _aDiseases | ||
| 650 | _aOlder age | ||
| 942 |
_2ddc _cBK |
||